[Event "COL-chT (Women)"]
[Site "Bucaramanga"]
[Date "2022.09.08"]
[Round "3.4"]
[White "Lopez Rayo, Isabella"]
[Black "Rosado Perez, Maria Jose"]
[Result "0-1"]
[WhiteElo "1917"]
[BlackElo "1809"]
[PlyCount "36"]
[EventDate "2022.09.06"]
[EventType "team-swiss"]
[EventRounds "6"]
[EventCountry "COL"]
[SourceTitle "CBM 210 Extra"]
[Source "ChessBase"]
[SourceDate "2022.11.30"]
[SourceVersion "1"]
[SourceVersionDate "2022.11.30"]
[SourceQuality "1"]
[WhiteTeam "Valle (W)"]
[BlackTeam "Bolivar (W)"]
[WhiteTeamCountry "COL"]
[BlackTeamCountry "COL"]

1. e4 c5 2. Nf3 d6 3. d4 cxd4 4. Nxd4 Nf6 5. Nc3 Nc6 6. f3 e5 7. Nb3 Be6 8. Bg5 Be7 9. Qd2 a5 10. a4 0-0 11. 0-0-0 Nb4 12. Kb1 Rc8 13. Na1 Rc7 14. g4 Qc8 15. Nb5 Ba2+ 16. Kc1 Nxe4 17. Nxd6 Nxd2 18. Nxc8 Nb3+ 0-1

[Event "COL-chT (Women)"]
[Site "Bucaramanga"]
[Date "2022.09.07"]
[Round "2.4"]
[White "Melgarejo Suarez, Aritna Valentina"]
[Black "Lopez Rayo, Isabella"]
[Result "0-1"]
[WhiteElo "1485"]
[BlackElo "1917"]
[PlyCount "68"]
[EventDate "2022.09.06"]
[EventType "team-swiss"]
[EventRounds "6"]
[EventCountry "COL"]
[SourceTitle "CBM 210 Extra"]
[Source "ChessBase"]
[SourceDate "2022.11.30"]
[SourceVersion "1"]
[SourceVersionDate "2022.11.30"]
[SourceQuality "1"]
[WhiteTeam "Boyaca (W)"]
[BlackTeam "Valle (W)"]
[WhiteTeamCountry "COL"]
[BlackTeamCountry "COL"]

1. e4 c5 2. c3 d5 3. exd5 Qxd5 4. d4 cxd4 5. cxd4 Nc6 6. Nf3 e6 7. Nc3 Qd8 8. Bc4 Nf6 9. Bg5 Be7 10. 0-0 0-0 11. Qd2 a6 12. Rfd1 b5 13. Bd3 Bb7 14. Rac1 Rc8 15. Bb1 Na5 16. Qd3 g6 17. Ne5 Nd5 18. Bh6 Re8 19. Qf3 f5 20. Nxd5 Bxd5 21. Rxc8 Qxc8 22. Qg3 Bd6 23. Qh4 Qd8 24. Bg5 Be7 25. Bxe7 Qxe7 26. Qg3 Rc8 27. h4 Nc4 28. b3 Nxe5 29. dxe5 Kf7 30. Qf4 Kg7 31. Qg3 Qf7 32. Qf4 Rc3 33. Qd4 Qc7 34. f3 Rc1 0-1

[Event "COL-ch (Women)"]
[Site "Boyaca"]
[Date "2022.08.21"]
[Round "9"]
[White "Mateus, Martha"]
[Black "Lopez Rayo, Isabella"]
[Result "1/2-1/2"]
[WhiteElo "1982"]
[BlackElo "1869"]
[PlyCount "40"]
[EventDate "2022.08.17"]
[EventType "swiss"]
[EventRounds "9"]
[EventCountry "COL"]
[SourceTitle "CBM 210 Extra"]
[Source "ChessBase"]
[SourceDate "2022.11.30"]
[SourceVersion "1"]
[SourceVersionDate "2022.11.30"]
[SourceQuality "1"]

1. e4 c5 2. Nf3 d6 3. c3 Nf6 4. Be2 Nbd7 5. d3 g6 6. a4 Bg7 7. Nbd2 0-0 8. 0-0 Qc7 9. Re1 b6 10. Nf1 Bb7 11. Ng3 e6 12. Bf1 Rac8 13. Bd2 Bc6 14. h3 Qb7 15. Bf4 e5 16. Bg5 Rfe8 17. Nd2 h6 18. Be3 d5 19. f3 d4 20. Bf2 Nf8 1/2-1/2